000 00516nmm a2200181Ia 4500
008 251105s9999||||xx |||||||||||||||||und||
020 _a9789871432363
041 _aspa
100 _aSbarato, Darío
245 0 _aContaminación del aire
264 _a[Buenos Aires, Argentina] :
_bEditorial Brujas,
_c2015
300 _a114 páginas
650 _aEnvironmental Sciences
700 _aSbarato, Darío
700 1 _a Sbarato, Viviana
856 _uhttps://public.digitaliapublishing.com/a/41889
942 _cCF
999 _c71217
_d71217